<?xml version="1.0" encoding="UTF-8"?><?xml-stylesheet type="text/xsl" href="static/style.xsl"?><OAI-PMH xmlns="http://www.openarchives.org/OAI/2.0/" xmlns:xsi="http://www.w3.org/2001/XMLSchema-instance" xsi:schemaLocation="http://www.openarchives.org/OAI/2.0/ http://www.openarchives.org/OAI/2.0/OAI-PMH.xsd"><responseDate>2026-04-18T06:13:27Z</responseDate><request verb="GetRecord" identifier="oai:www.recercat.cat:20.500.14342/2171" metadataPrefix="marc">https://recercat.cat/oai/request</request><GetRecord><record><header><identifier>oai:recercat.cat:20.500.14342/2171</identifier><datestamp>2025-03-11T20:18:36Z</datestamp><setSpec>com_2072_482405</setSpec><setSpec>com_2072_183628</setSpec><setSpec>col_2072_482411</setSpec></header><metadata><record xmlns="http://www.loc.gov/MARC21/slim" xmlns:dcterms="http://purl.org/dc/terms/" xmlns:xsi="http://www.w3.org/2001/XMLSchema-instance" xmlns:doc="http://www.lyncode.com/xoai" xsi:schemaLocation="http://www.loc.gov/MARC21/slim http://www.loc.gov/standards/marcxml/schema/MARC21slim.xsd">
   <leader>00925njm 22002777a 4500</leader>
   <datafield ind2=" " ind1=" " tag="042">
      <subfield code="a">dc</subfield>
   </datafield>
   <datafield ind2=" " ind1=" " tag="720">
      <subfield code="a">Carbonell, Xavier</subfield>
      <subfield code="e">author</subfield>
   </datafield>
   <datafield ind2=" " ind1=" " tag="720">
      <subfield code="a">Oberst, Ursula</subfield>
      <subfield code="e">author</subfield>
   </datafield>
   <datafield ind2=" " ind1=" " tag="260">
      <subfield code="c">2015-11</subfield>
   </datafield>
   <datafield ind2=" " ind1=" " tag="520">
      <subfield code="a">En los últimos años se ha producido a un incremento notable de las publicaciones sobre posibles adicciones conductuales y tecnológicas. Entre ellas, el uso adictivo de los medios sociales ha generado un notable interés debido, fundamentalmente, al uso que hacen de los mismos los adolescentes. Los adolescentes utilizan las redes sociales para la construcción de su identidad social y de género. Para los adolescentes de hoy, las redes sociales están tan intrínsecamente tejidas en la trama de sus vidas que no saben realmente lo que sería su vida sin ellas. Mantenerse activos y permanecer conectados a las redes sociales aumenta su capital social y es difícil sustentar la denominada ‘paradoja’ de internet. En muchas ocasiones, se confunde la dependencia a una tecnología con la adicción a una conducta porque cada vez se dispone de menos tiempo para adaptarse a una tecnología que evoluciona rápidamente. Es más adecuado y productivo diferenciar las verdaderas adicciones de los excesos y de los problemas transitorios y es más productivo educar para la transformación, la hiperconectividad y sugerir ‘dietas digitales’ o normas de cortesía que diagnosticar. Los medios sociales puedan provocar algunos excesos pero la adicción no sería una de ellos pese a la tendencia de poner etiquetas diagnósticas a pequeños malestares.</subfield>
   </datafield>
   <datafield ind1="8" ind2=" " tag="024">
      <subfield code="a">http://hdl.handle.net/20.500.14342/2171</subfield>
   </datafield>
   <datafield tag="653" ind2=" " ind1=" ">
      <subfield code="a">Xarxes socials en línia</subfield>
   </datafield>
   <datafield tag="653" ind2=" " ind1=" ">
      <subfield code="a">Addicció a Internet</subfield>
   </datafield>
   <datafield tag="653" ind2=" " ind1=" ">
      <subfield code="a">Internet i adolescents</subfield>
   </datafield>
   <datafield ind2="0" ind1="0" tag="245">
      <subfield code="a">Las redes sociales en línea no son adictivas</subfield>
   </datafield>
</record></metadata></record></GetRecord></OAI-PMH>